000 00365nam a22001577a 4500
003 MPLRDC
005 20220104143309.0
008 210129b ||||| |||| 00| 0 eng d
082 _a805.141 BQ
100 _a北权编
245 _a英语发音法
_c
260 _a
_b海洋出版社
_c1962
300 _b
650 _a英语发音
942 _cBK
_o805.141 BQ
999 _c38528
_d38518